Statistiques concernant Ensembles de nombres

Cliquez ici pour prendre le quiz!

Statistiques générales

  • Ce quiz a été pris 110 fois
  • Le résultat moyen est 5 sur 6

Statistiques - réponses

SymboleNom% Correct
Les entiers naturels
96%
Les nombres réels
93%
Les nombres décimaux
79%
Les entiers relatifs
74%
Les nombres complexes
67%
Les nombres rationnels
55%

Distribution des résultats

Percentile par nombre de réponses

% des personnes avec chaque résultat

Votre développement - résultats

Vous n’avez pas pris ce quiz